Guerra y modernidad: estudios sobre la historia de la violencia en el siglo XX
Salvato in:
| Autore principale: | |
|---|---|
| Natura: | Libro |
| Lingua: | spagnolo |
| Pubblicazione: |
Barcelona
Paidós
2005
|
| Serie: | Paidós Estado y Sociedad, 130
|
| Soggetti: | |
| Tags: |
Aggiungi Tag
Nessun Tag, puoi essere il primo ad aggiungerne!!
|
MARC
| LEADER | 00000nam a2200000 a 4500 | ||
|---|---|---|---|
| 001 | UCJ0635 | ||
| 003 | CL-VaPUC | ||
| 008 | 060825e20050000SP |||||||||||||||||spa|d | ||
| 020 | |a 8449317258 | ||
| 082 | 0 | 4 | |a 940.55 |b JOA |2 21 |
| 100 | 0 | |a Joas, Hans |e author |9 500851 | |
| 245 | 1 | 0 | |a Guerra y modernidad: estudios sobre la historia de la violencia en el siglo XX |
| 300 | |a 292 p | ||
| 942 | |c BK | ||
| 945 | |d 20060825 00:00:00 |a jtorresc | ||
| 260 | |a Barcelona |b Paidós |c 2005 | ||
| 500 | |a www.paidos.com | ||
| 650 | 0 | |a Historia moderna |9 268036 | |
| 650 | 0 | |a Política internacional |9 255813 | |
| 650 | 0 | |a Historia universal |9 266877 | |
| 650 | 0 | |a Relaciones Internacionales |9 255740 | |
| 583 | |a last modification |c 20160817 03:24:22 |k Rodrigo Vera | ||
| 490 | 0 | |a Paidós Estado y Sociedad, 130 | |
| 999 | |c 317400 |d 317398 | ||
| 952 | |0 0 |1 0 |4 0 |6 940_550000000000000_JOA_2005 |7 0 |8 A |9 393742 |a BIBHIS |b BIBHIS |d 2019-11-22 |i 4262077 |l 3 |o 940.55 JOA 2005 |p 4262077 |r 2025-01-20 |s 2023-04-03 |w 2019-11-22 |y BK |k HIS | ||